Стряпухины: Повесть

Detalles Bibliográficos
Autor Principal: Еремкин В. Д. Василий Данилович
Idioma:ruso
Publicado: Саранск, Мордовское кн. изд-во, 1992
Edición:2-е изд., дораб.
Subjects:
Formato: MixedMaterials Libro
KOHA link:https://koha.lib.tpu.ru/cgi-bin/koha/opac-detail.pl?biblionumber=138953

MARC

LEADER 00000nam0a2200000 4500
001 138953
005 20231031141606.0
010 |a 5759507041 
020 |a RU  |b 93-10326 
035 |a (RuTPU)RU\TPU\book\150538 
090 |a 138953 
100 |a 20080530d1992 m y0rusy5003 ca 
101 0 |a rus 
102 |a RU 
105 |a y z 000ay 
200 1 |a Стряпухины  |e Повесть  |f В. Д. Еремкин 
205 |a 2-е изд., дораб. 
210 |a Саранск  |c Мордовское кн. изд-во  |d 1992 
215 |a 304 с.  |d 21 см 
305 |a 1-е изд. выходило двумя частями под загл. "Оставь в наследство доброту" и "Не остуди сердце свое" 
610 1 |a советская литература 
610 1 |a повести 
675 |a Р2  |z rus 
700 1 |a Еремкин  |b В. Д.  |g Василий Данилович  |4 070 
801 0 |a RU  |b RuMRKP  |c 19950413  |g psbo 
801 2 |a RU  |b 63413507  |c 20080530  |g PSBO 
942 |c BK